[Event "FIDE Open World Blitz 2021"]
[Site "Warsaw"]
[Date "2021.12.30"]
[Round "18.5"]
[White "Artemiev, Vladislav"]
[Black "Fedoseev, Vladimir"]
[Result "1-0"]
[WhiteElo "2699"]
[BlackElo "2704"]
[Annotator "ChessBase"]
[PlyCount "165"]
[EventDate "2021.12.29"]
[EventType "swiss"]
[EventCountry "POL"]
[Tiebreak "Cut1 Buchholz"]
[SourceTitle "playchess.com"]
[Source "ChessBase"]
[SourceQuality "1"]

1. Nf3 d5 2. g3 b6 3. Bg2 Bb7 4. O-O e6 5. b3 Nf6 6. Bb2 Be7 7. c4 dxc4 8. bxc4
O-O 9. d3 c5 10. Nbd2 Nc6 11. Ne5 Qc7 12. Nxc6 Bxc6 13. Bxc6 Qxc6 14. Nf3 Nd7
15. Qb3 Qc7 16. Bc3 Rab8 17. Rab1 Rb7 18. Rb2 Rfb8 19. Rfb1 a6 20. Qa4 Ra7 21.
Qc2 f6 22. a4 Qc6 23. Be1 Bd6 24. a5 Rab7 25. axb6 Rxb6 26. Rxb6 Rxb6 27. Ra1
Nb8 28. d4 Qb7 29. Bc3 cxd4 30. Bxd4 Rb4 31. c5 Be7 32. Qa2 Qd5 33. Qxd5 exd5
34. Be3 Rc4 35. Bf4 Nc6 36. Rxa6 Rxc5 37. Be3 Rc2 38. Kf1 Kf7 39. Nd4 Nxd4 40.
Bxd4 Rc4 41. e3 h5 42. Ra5 Ke6 43. h3 Rc1+ 44. Kg2 Rc2 45. Rb5 Bd6 46. Rb6 Kd7
47. Rb7+ Rc7 48. Rb5 Ke6 49. f4 Rc2+ 50. Kf3 Rh2 51. Rb6 Ke7 52. Rb7+ Kf8 53.
Rd7 Bb4 54. Rxd5 h4 55. gxh4 Rxh3+ 56. Kg4 Rh1 57. h5 Kf7 58. Rd7+ Ke6 59. Rb7
f5+ 60. Kf3 Be7 61. Rb6+ Kf7 62. Rb7 Ke6 63. Bxg7 Rxh5 64. Bd4 Rh3+ 65. Ke2
Rh2+ 66. Kd3 Ra2 67. Rb6+ Kd5 68. Rb5+ Kc6 69. Rxf5 Ra3+ 70. Ke4 Ra4 71. Rh5
Ba3 72. Rh6+ Kd7 73. Rh7+ Kd6 74. Ra7 Rxa7 75. Bxa7 Ke6 76. Bd4 Kf7 77. Kf5 Bb4
78. e4 Be1 79. e5 Bh4 80. Ke4 Ke8 81. f5 Bg3 82. f6 Bf2 83. Bxf2 1-0

[Event "FIDE Open World Blitz 2021"]
[Site "Warsaw"]
[Date "2021.12.30"]
[Round "18.6"]
[White "Giri, Anish"]
[Black "Nepomniachtchi, Ian"]
[Result "1/2-1/2"]
[WhiteElo "2774"]
[BlackElo "2782"]
[Annotator "TA"]
[PlyCount "86"]
[EventDate "2021.12.29"]
[EventType "swiss"]
[EventCountry "POL"]
[Tiebreak "Cut1 Buchholz"]
[SourceTitle "playchess.com"]
[Source "ChessBase"]
[SourceQuality "1"]

1. d4 Nf6 2. c4 e6 3. Nf3 d5 4. g3 Be7 5. Bg2 O-O 6. O-O dxc4 7. Qc2 b5 8. a4
Bb7 9. axb5 a6 10. bxa6 Nxa6 11. Qxc4 Bd5 12. Qc3 c5 13. Be3 Ne4 14. Qe1 Nb4
15. Nc3 Nc2 16. Rxa8 Qxa8 17. Qc1 Nxe3 18. Qxe3 Nxc3 19. bxc3 cxd4 20. cxd4 Rd8
21. Qf4 h6 22. h4 Bf6 23. e3 Rc8 24. Ne1 Bxg2 25. Nxg2 Rc4 26. Qg4 e5 27. Qe2
Qc6 28. dxe5 Bxe5 29. Qh5 Rc5 30. Qg4 h5 31. Qd1 g6 32. Nf4 Bxf4 33. exf4 Qd5
34. Qe2 Qc6 35. Re1 Kg7 36. Qe3 Rd5 37. Rc1 Qd6 38. Qc3+ Qf6 39. Qf3 Qd6 40.
Kg2 Rd3 41. Qe4 Qd5 42. Qxd5 Rxd5 43. Re1 f5 1/2-1/2

[Event "FIDE Open World Blitz 2021"]
[Site "Warsaw"]
[Date "2021.12.30"]
[Round "18.6"]
[White "Teclaf, Pawel"]
[Black "Demidov, Mikhail"]
[Result "1-0"]
[WhiteElo "2543"]
[BlackElo "2592"]
[Annotator "ChessBase"]
[PlyCount "133"]
[EventDate "2021.12.29"]
[EventType "swiss"]
[EventCountry "POL"]
[Tiebreak "Cut1 Buchholz"]
[SourceTitle "playchess.com"]
[Source "ChessBase"]
[SourceQuality "1"]

1. e4 Nf6 2. Nc3 d5 3. e5 Nfd7 4. e6 fxe6 5. d4 c5 6. Nf3 Nc6 7. Bb5 g6 8. O-O
Bg7 9. dxc5 O-O 10. Re1 Nxc5 11. Bxc6 bxc6 12. Be3 Nd7 13. Bd4 Nf6 14. Na4 Qd6
15. Be5 Qd8 16. Nc5 Qb6 17. Bd4 Qc7 18. Qd2 Ng4 19. Bxg7 Kxg7 20. Qd4+ e5 21.
Nxe5 Nxe5 22. Rxe5 Kg8 23. Rae1 Rf7 24. Qh4 Kf8 25. c3 Qd6 26. Qh6+ Kg8 27. Qe3
Kf8 28. Qd4 Kg8 29. R5e3 Bf5 30. b4 Qc7 31. a4 Re8 32. f3 Bc8 33. Re5 Qd6 34.
a5 Qc7 35. Qe3 Qd6 36. Nb3 a6 37. Qb6 Qf6 38. Nd4 Bd7 39. Qxa6 Qf4 40. Qe2 Kf8
41. Qe3 Qxe3+ 42. R1xe3 Rc8 43. Nb3 Ra8 44. Nc5 Bc8 45. Re1 Ra7 46. Kf2 Ke8 47.
g3 Kd8 48. h4 Ke8 49. f4 h5 50. Ke3 Bf5 51. Kd4 Kd8 52. Ne6+ Kd7 53. Kc5 Rb7
54. Nd4 Rc7 55. a6 Be4 56. Ra1 Rf8 57. a7 Ra8 58. Ra6 Raxa7 59. Rxa7 Rxa7 60.
Rxe7+ Kxe7 61. Nxc6+ Ke6 62. Nxa7 Kf5 63. b5 Kg4 64. b6 d4 65. cxd4 Bb7 66. d5
Kxg3 67. d6 1-0

[Event "FIDE Open World Blitz 2021"]
[Site "Warsaw"]
[Date "2021.12.30"]
[Round "18.7"]
[White "Kravtsiv, Martyn"]
[Black "Firouzja, Alireza"]
[Result "0-1"]
[WhiteElo "2616"]
[BlackElo "2770"]
[Annotator "RC"]
[PlyCount "84"]
[EventDate "2021.12.29"]
[EventType "swiss"]
[EventCountry "POL"]
[Tiebreak "Cut1 Buchholz"]
[SourceTitle "playchess.com"]
[Source "ChessBase"]
[SourceQuality "1"]

1. e4 c5 2. Nf3 d6 3. Bb5+ Nd7 4. d4 cxd4 5. Qxd4 a6 6. Bxd7+ Bxd7 7. O-O Rc8
8. c4 e5 9. Qd3 b5 10. Na3 Qb6 11. cxb5 axb5 12. Bd2 Nf6 13. Rac1 Rxc1 14. Rxc1
Be7 15. Bb4 Bc6 16. Bxd6 Ng4 17. Bxe7 Kxe7 18. Qc2 Rc8 19. Qd2 f6 20. h3 Nh6
21. Qb4+ Kd7 22. Rd1+ Ke8 23. Qd6 Qb7 24. Nh4 Nf7 25. Qe6+ Kf8 26. Nf5 Re8 27.
Qb3 Bxe4 28. Qb4+ Kg8 29. Ne3 Bc6 30. Nac2 Ng5 31. Qb3+ Kh8 32. Nb4 Be4 33. Qc3
h6 34. h4 Ne6 35. Rd6 Nf4 36. Qd2 Bxg2 37. Rd8 Rxd8 38. Qxd8+ Kh7 39. Qd2 Qf3
40. Qc2+ e4 41. Nbd5 Ne2+ 42. Kh2 Qh3# 0-1

[Event "FIDE Open World Blitz 2021"]
[Site "Warsaw"]
[Date "2021.12.30"]
[Round "18.7"]
[White "Theodorou, Nikolas"]
[Black "Alonso Rosell, Alvar"]
[Result "1-0"]
[WhiteElo "2351"]
[BlackElo "2580"]
[Annotator "ChessBase"]
[PlyCount "125"]
[EventDate "2021.12.29"]
[EventType "swiss"]
[EventCountry "POL"]
[Tiebreak "Cut1 Buchholz"]
[SourceTitle "playchess.com"]
[Source "ChessBase"]
[SourceQuality "1"]

1. d4 f5 2. c4 Nf6 3. Nf3 g6 4. g3 Bg7 5. Bg2 O-O 6. O-O d6 7. Nc3 c6 8. Qc2
Na6 9. a3 Bd7 10. b4 b5 11. c5 Nc7 12. Bf4 Be6 13. Ng5 Qd7 14. cxd6 exd6 15.
Rac1 Bc4 16. Nf3 Rac8 17. Nd2 Ncd5 18. Nxc4 Nxf4 19. gxf4 bxc4 20. d5 cxd5 21.
Nxd5 Nxd5 22. Bxd5+ Kh8 23. Bxc4 d5 24. Qd3 Qc7 25. Bxd5 Qxf4 26. Rxc8 Rxc8 27.
e3 Qh4 28. Bg2 h5 29. h3 Rc3 30. Qa6 Qe7 31. Qxg6 Qf6 32. Qxh5+ Bh6 33. Rd1
Rxa3 34. Bd5 Ra1 35. Rxa1 Qxa1+ 36. Kg2 Qg7+ 37. Kf3 Qf6 38. Qe8+ Bf8 39. Qh5+
Kg7 40. b5 Be7 41. Qe8 Qe5 42. Qg8+ Kh6 43. Qe6+ Qxe6 44. Bxe6 Kg5 45. Bd7 Bd6
46. h4+ Kg6 47. Kg2 Be7 48. Kg3 Bf8 49. f4 Kf6 50. h5 Bg7 51. Kf3 Bf8 52. Be8
Bg7 53. Bg6 Bf8 54. Be8 Bg7 55. Ke2 Bf8 56. Kd3 Ke7 57. Bg6 Kf6 58. Kd4 Be7 59.
Be8 Bd8 60. h6 Bb6+ 61. Kd3 Bc5 62. h7 Kg7 63. Bg6 1-0

[Event "FIDE Open World Blitz 2021"]
[Site "Warsaw"]
[Date "2021.12.30"]
[Round "18.8"]
[White "Sargsyan, Shant"]
[Black "Grischuk, Alexander"]
[Result "0-1"]
[WhiteElo "2628"]
[BlackElo "2773"]
[Annotator "TA"]
[PlyCount "118"]
[EventDate "2021.12.29"]
[EventType "swiss"]
[EventCountry "POL"]
[Tiebreak "Cut1 Buchholz"]
[SourceTitle "playchess.com"]
[Source "ChessBase"]
[SourceQuality "1"]

1. d4 Nf6 2. c4 g6 3. Nc3 Bg7 4. e4 d6 5. Be2 O-O 6. Be3 Nc6 7. d5 Ne5 8. h3 e6
9. Nf3 Nxf3+ 10. Bxf3 Nd7 11. Rc1 a5 12. O-O Nc5 13. Qd2 e5 14. Be2 b6 15. b3
Bd7 16. Qc2 f5 17. exf5 gxf5 18. f4 Qh4 19. Bf2 Qe7 20. fxe5 Bxe5 21. Bf3 Rae8
22. Rce1 Qg7 23. Nb5 Bxb5 24. cxb5 Qg5 25. Kh1 Re7 26. Qc1 Qxc1 27. Rxc1 Nd3
28. Rc2 Nxf2+ 29. Rfxf2 Kg7 30. Rfe2 Kf6 31. a4 Kg5 32. Rc4 Rfe8 33. Kg1 Bg3
34. Rcc2 h5 35. Rxe7 Rxe7 36. Re2 Re5 37. Kf1 h4 38. Rxe5 dxe5 39. Be2 e4 40.
Bd1 Bd6 41. Be2 Kf4 42. Bh5 Ke3 43. Bg6 f4 44. Bh5 Kd4 45. Ke2 Kc3 46. Ke1 f3
47. gxf3 Kxb3 48. fxe4 Kxa4 49. Kd2 Kxb5 50. Kc3 Be5+ 51. Kd3 Kb4 52. Be8 a4
53. Bd7 b5 54. Be8 Ka5 55. Bd7 b4 56. d6 Bxd6 57. Be6 b3 58. Bd7 Kb4 59. Be6 a3
0-1

[Event "FIDE Open World Blitz 2021"]
[Site "Warsaw"]
[Date "2021.12.30"]
[Round "18.8"]
[White "Gabuzyan, Hovhannes"]
[Black "Bologan, Victor"]
[Result "0-1"]
[WhiteElo "2580"]
[BlackElo "2574"]
[Annotator "ChessBase"]
[PlyCount "68"]
[EventDate "2021.12.29"]
[EventType "swiss"]
[EventCountry "POL"]
[Tiebreak "Cut1 Buchholz"]
[SourceTitle "playchess.com"]
[Source "ChessBase"]
[SourceQuality "1"]

1. e4 g6 2. Nc3 c6 3. Bc4 d6 4. d3 Bg7 5. f4 b5 6. Bb3 a5 7. a3 Nd7 8. Nf3 e6
9. O-O Ne7 10. Be3 Bb7 11. Qe1 Nc5 12. Qh4 Nxb3 13. cxb3 b4 14. axb4 axb4 15.
Rxa8 Bxa8 16. Ne2 c5 17. Ng3 Bb7 18. f5 exf5 19. Bh6 Bxb2 20. exf5 Nxf5 21.
Nxf5 gxf5 22. Bg5 f6 23. Re1+ Kd7 24. Bc1 Bc3 25. Rf1 Qg8 26. h3 Qg6 27. Qc4
Rg8 28. g4 fxg4 29. Nh4 Bd4+ 30. Qxd4 gxh3+ 31. Nxg6 Rxg6+ 32. Kh2 cxd4 33. Rf4
Rg2+ 34. Kxh3 Rc2 0-1

[Event "FIDE Open World Blitz 2021"]
[Site "Warsaw"]
[Date "2021.12.30"]
[Round "18.9"]
[White "Petrosian, Tigran L."]
[Black "Mamedyarov, Shakhriyar"]
[Result "1/2-1/2"]
[WhiteElo "2602"]
[BlackElo "2765"]
[Annotator "ChessBase"]
[PlyCount "113"]
[EventDate "2021.12.29"]
[EventType "swiss"]
[EventCountry "POL"]
[Tiebreak "Cut1 Buchholz"]
[SourceTitle "playchess.com"]
[Source "ChessBase"]
[SourceQuality "1"]

1. Nf3 Nf6 2. g3 g6 3. Bg2 Bg7 4. d3 O-O 5. e4 d5 6. e5 Nfd7 7. d4 c5 8. c3 Nc6
9. O-O cxd4 10. cxd4 f6 11. exf6 exf6 12. Nc3 Nb6 13. Re1 a6 14. b3 Re8 15.
Rxe8+ Qxe8 16. Ba3 Be6 17. Qd2 Qf7 18. Re1 Re8 19. Bc5 Nd7 20. Bd6 g5 21. h3
Bf8 22. Bxf8 Nxf8 23. Na4 Nd7 24. h4 h6 25. hxg5 hxg5 26. Nc5 Nxc5 27. dxc5 d4
28. Nxd4 Rd8 29. Bxc6 bxc6 30. Qe3 Bd5 31. Nf5 Kh7 32. g4 Kh8 33. f3 Qh7 34.
Kg2 Kg8 35. Ne7+ Kf8 36. Nxd5 cxd5 37. Qe6 Qf7 38. Qb6 Re8 39. Rxe8+ Kxe8 40.
c6 Qe6 41. Qb8+ Kf7 42. Qa7+ Ke8 43. Qa8+ Ke7 44. Qb7+ Kd6 45. c7 Qe2+ 46. Kg1
Qe1+ 47. Kg2 Qe2+ 48. Kg1 Qe1+ 49. Kg2 Qe2+ 50. Kg1 Qe1+ 51. Kg2 Qe2+ 52. Kg1
Qe1+ 53. Kg2 Qe2+ 54. Kg1 Qe1+ 55. Kg2 Qe2+ 56. Kg1 Qe1+ 57. Kg2 1/2-1/2

[Event "FIDE Open World Blitz 2021"]
[Site "Warsaw"]
[Date "2021.12.30"]
[Round "18.9"]
[White "Narayanan.S.L"]
[Black "Nguyen, Thai Dai Van"]
[Result "0-1"]
[WhiteElo "2570"]
[BlackElo "2594"]
[Annotator "ChessBase"]
[PlyCount "88"]
[EventDate "2021.12.29"]
[EventType "swiss"]
[EventCountry "POL"]
[Tiebreak "Cut1 Buchholz"]
[SourceTitle "playchess.com"]
[Source "ChessBase"]
[SourceQuality "1"]

1. e4 c5 2. Ne2 Nc6 3. Nbc3 d6 4. d4 cxd4 5. Nxd4 Nf6 6. Bg5 e6 7. Bb5 Bd7 8.
Qd3 h6 9. Bh4 Be7 10. O-O-O Qb6 11. Bxc6 bxc6 12. f4 Rb8 13. Nb3 g5 14. fxg5
Ng4 15. Kb1 hxg5 16. Bg3 e5 17. Rhf1 Be6 18. h3 Nh6 19. Ka1 Rd8 20. Bf2 Qc7 21.
Be3 f6 22. Qe2 Nf7 23. Qf3 Rg8 24. Rh1 a5 25. Na4 Rb8 26. Bd2 Rb5 27. Qd3 Kf8
28. c4 Rb8 29. Rhf1 Kg7 30. h4 gxh4 31. Rh1 Rh8 32. Rdf1 Ng5 33. Rf2 Qa7 34.
Rhf1 Qa6 35. Rc1 h3 36. gxh3 Rxh3 37. Qe2 Rbh8 38. Bxg5 fxg5 39. Rff1 R8h4 40.
Qd2 Rf4 41. Nxa5 Rxf1 42. Rxf1 Bxc4 43. Nxc4 Qxc4 44. Qf2 Rh4 0-1

[Event "FIDE Open World Blitz 2021"]
[Site "Warsaw"]
[Date "2021.12.30"]
[Round "18.10"]
[White "Sindarov, Javokhir"]
[Black "Maghsoodloo, Parham"]
[Result "1-0"]
[WhiteElo "2587"]
[BlackElo "2706"]
[Annotator "ChessBase"]
[PlyCount "79"]
[EventDate "2021.12.29"]
[EventType "swiss"]
[EventCountry "POL"]
[Tiebreak "Cut1 Buchholz"]
[SourceTitle "playchess.com"]
[Source "ChessBase"]
[SourceQuality "1"]

1. e4 c5 2. Nc3 Nc6 3. Nge2 e5 4. Nd5 Be7 5. Nec3 Nf6 6. Bc4 d6 7. d3 O-O 8.
O-O Nxd5 9. Nxd5 Bg5 10. f4 exf4 11. Bxf4 Bxf4 12. Rxf4 Qg5 13. Qd2 Rb8 14.
Raf1 Qe5 15. a4 Be6 16. c3 a6 17. Nb6 Rbd8 18. Qf2 Bxc4 19. Nxc4 Qe6 20. Nb6
Ne7 21. Rf3 f6 22. h3 Qb3 23. a5 Qb5 24. Qg3 Qxa5 25. Nc4 Qc7 26. Rxf6 Rxf6 27.
Rxf6 Nc8 28. Ne3 Qe7 29. Nd5 Qe8 30. Qg5 Kh8 31. Rf7 Qxf7 32. Qxd8+ Qg8 33. Qd7
b5 34. Nf4 Nb6 35. Qxd6 Na4 36. e5 Nxb2 37. e6 b4 38. cxb4 c4 39. e7 c3 40. Qd8
1-0

[Event "FIDE Open World Blitz 2021"]
[Site "Warsaw"]
[Date "2021.12.30"]
[Round "18.10"]
[White "Kosakowski, Jakub"]
[Black "Volokitin, Andrei"]
[Result "0-1"]
[WhiteElo "2340"]
[BlackElo "2656"]
[Annotator "ChessBase"]
[PlyCount "88"]
[EventDate "2021.12.29"]
[EventType "swiss"]
[EventCountry "POL"]
[Tiebreak "Cut1 Buchholz"]
[SourceTitle "playchess.com"]
[Source "ChessBase"]
[SourceQuality "1"]

1. e4 c5 2. Nf3 e6 3. g3 d5 4. exd5 exd5 5. Bg2 Qe7+ 6. Kf1 Nc6 7. d4 Nf6 8.
Nc3 h6 9. h3 Qd8 10. Bf4 a6 11. Qd2 Be7 12. dxc5 Bxc5 13. Ne5 O-O 14. Kg1 Be6
15. Kh2 Rc8 16. Rhe1 d4 17. Nxc6 bxc6 18. Ne4 Nxe4 19. Bxe4 Re8 20. Qd3 Qf6 21.
Kg2 Rcd8 22. a3 a5 23. Rad1 Bc8 24. Qf3 Re6 25. Bc7 Rde8 26. Qxf6 gxf6 27. Bxa5
Rxe4 28. Rxe4 Rxe4 29. c3 Be6 30. cxd4 Rxd4 31. Rc1 Bd5+ 32. Kg1 Bd6 33. Bc3
Rd3 34. Bxf6 Kh7 35. Bc3 Bf3 36. a4 Bc5 37. a5 Ba7 38. Kf1 Bd5 39. Re1 Rf3 40.
Re7 Rxf2+ 41. Ke1 Bc5 42. Rb7 Bc4 43. b4 Be3 44. Re7 Rf1# 0-1

[Event "FIDE Open World Blitz 2021"]
[Site "Warsaw"]
[Date "2021.12.30"]
[Round "18.11"]
[White "Svane, Rasmus"]
[Black "Sanal, Vahap"]
[Result "1-0"]
[WhiteElo "2628"]
[BlackElo "2590"]
[Annotator "ChessBase"]
[PlyCount "73"]
[EventDate "2021.12.29"]
[EventType "swiss"]
[EventCountry "POL"]
[Tiebreak "Cut1 Buchholz"]
[SourceTitle "playchess.com"]
[Source "ChessBase"]
[SourceQuality "1"]

1. Nf3 Nf6 2. g3 g6 3. Bg2 Bg7 4. O-O O-O 5. d4 d6 6. Re1 Nbd7 7. e4 e5 8. Nc3
Re8 9. a4 c6 10. Be3 Qc7 11. a5 Nf8 12. h3 Ne6 13. Qd2 Qe7 14. d5 cxd5 15. Nxd5
Nxd5 16. exd5 Nc5 17. Bxc5 dxc5 18. d6 Qd8 19. Rad1 Bd7 20. Qd5 Qxa5 21. Nxe5
Rxe5 22. Rxe5 Bxe5 23. Qxe5 Re8 24. Qf6 Re6 25. Qf4 Re1+ 26. Rxe1 Qxe1+ 27. Kh2
b6 28. Bd5 Qe8 29. Qf6 Bc6 30. Bxc6 Qxc6 31. g4 Qd5 32. Kg3 h6 33. Qe7 Qd1 34.
d7 Qg1+ 35. Kf3 Qd1+ 36. Kg2 Qd5+ 37. Kh2 1-0

[Event "FIDE Open World Blitz 2021"]
[Site "Warsaw"]
[Date "2021.12.30"]
[Round "18.11"]
[White "Babazada, Khazar"]
[Black "Chigaev, Maksim"]
[Result "0-1"]
[WhiteElo "2302"]
[BlackElo "2626"]
[Annotator "ChessBase"]
[PlyCount "104"]
[EventDate "2021.12.29"]
[EventType "swiss"]
[EventCountry "POL"]
[Tiebreak "Cut1 Buchholz"]
[SourceTitle "playchess.com"]
[Source "ChessBase"]
[SourceQuality "1"]

1. e4 g6 2. d4 Bg7 3. Nc3 d6 4. Nf3 Nf6 5. h3 O-O 6. Be2 a6 7. O-O b5 8. e5 Ne8
9. Bf4 Bb7 10. Qc1 Nd7 11. Bh6 Nb6 12. Bxg7 Nxg7 13. Qf4 f6 14. exd6 cxd6 15.
Rad1 Rc8 16. a3 Qc7 17. d5 Nc4 18. Bxc4 Qxc4 19. Qe3 Nf5 20. Qe6+ Kh8 21. Rfe1
Rc7 22. g4 Ng7 23. Qe3 Rd7 24. Rd4 Qc8 25. Re4 Rf7 26. Qf4 Qf8 27. R4e2 Rc7 28.
Qe3 Bc8 29. Qb6 Rc4 30. Nd4 f5 31. Ne6 Nxe6 32. dxe6 Rg7 33. g5 h6 34. Qe3 hxg5
35. Qxg5 Bb7 36. f4 Rh7 37. Re3 Kg7 38. Rg3 Qf6 39. Kh2 Qxg5 40. fxg5 Rhh4 41.
Rd3 a5 42. Re2 b4 43. axb4 axb4 44. Nd5 Rhe4 45. Red2 Rxe6 46. b3 Rce4 47. Kg3
Bxd5 48. Rxd5 Re2 49. R5d4 Rxd2 50. Rxd2 Re3+ 51. Kg2 Rc3 52. Re2 Kf7 0-1

[Event "FIDE Open World Blitz 2021"]
[Site "Warsaw"]
[Date "2021.12.30"]
[Round "18.12"]
[White "Parligras, Mircea-Emilian"]
[Black "Ponkratov, Pavel"]
[Result "1-0"]
[WhiteElo "2576"]
[BlackElo "2662"]
[Annotator "ChessBase"]
[PlyCount "107"]
[EventDate "2021.12.29"]
[EventType "swiss"]
[EventCountry "POL"]
[Tiebreak "Cut1 Buchholz"]
[SourceTitle "playchess.com"]
[Source "ChessBase"]
[SourceQuality "1"]

1. d4 Nf6 2. Nf3 c5 3. d5 b5 4. c4 Qa5+ 5. Bd2 b4 6. Qc2 g6 7. e4 d6 8. h3 Bg7
9. Bd3 O-O 10. O-O e5 11. a3 Na6 12. Be3 Qd8 13. Nbd2 Nh5 14. Rfe1 Rb8 15. Nf1
h6 16. Qd2 Kh7 17. Ng3 Nf4 18. Bf1 Qf6 19. Nh2 h5 20. axb4 Rxb4 21. Ra2 Rb6 22.
Rea1 Re8 23. Ra5 Re7 24. b3 Bh6 25. R1a3 Qg7 26. Qc1 f5 27. Qa1 Nb4 28. Rxa7
Bb7 29. Qd1 h4 30. Ne2 Nfd3 31. Bxh6 Qxh6 32. Nc3 Nf4 33. Nf3 Kg7 34. Qb1 Qh5
35. Qd1 Rf7 36. R3a5 Qh6 37. Rb5 Rxb5 38. cxb5 g5 39. exf5 Bxd5 40. Rxf7+ Bxf7
41. Ne4 Bd5 42. Nexg5 Qf6 43. Qa1 Qxf5 44. Qa7+ Kh6 45. Qe7 Bxf3 46. Nxf3 Nxh3+
47. Kh2 Nf4 48. Qxd6+ Ng6 49. Qxc5 Nc2 50. b6 Qf4+ 51. Kg1 e4 52. Nxh4 e3 53.
Nf5+ Kh7 54. Qc7+ 1-0

[Event "FIDE Open World Blitz 2021"]
[Site "Warsaw"]
[Date "2021.12.30"]
[Round "18.12"]
[White "Ter-Sahakyan, Samvel"]
[Black "Oparin, Grigoriy"]
[Result "0-1"]
[WhiteElo "2565"]
[BlackElo "2580"]
[Annotator "ChessBase"]
[PlyCount "138"]
[EventDate "2021.12.29"]
[EventType "swiss"]
[EventCountry "POL"]
[Tiebreak "Cut1 Buchholz"]
[SourceTitle "playchess.com"]
[Source "ChessBase"]
[SourceQuality "1"]

1. e4 e5 2. Nf3 Nc6 3. Bb5 Nf6 4. O-O Nxe4 5. Re1 Nd6 6. Nxe5 Nxe5 7. Rxe5+ Be7
8. Bf1 O-O 9. Nc3 Ne8 10. Nd5 Bd6 11. Re1 c6 12. Ne3 Be7 13. c4 Nc7 14. d4 d5
15. cxd5 Nxd5 16. Nxd5 cxd5 17. Bf4 Be6 18. Bd3 Bf6 19. Be5 Rc8 20. h3 h6 21.
Qd2 Rc6 22. Bxf6 Qxf6 23. Re5 Rfc8 24. Rae1 b6 25. a3 a5 26. Qe3 Qh4 27. Rxd5
Rf8 28. Re5 Rd6 29. Be4 Qf6 30. Bf3 Rfd8 31. Rd1 g5 32. d5 Bf5 33. Re8+ Rxe8
34. Qxe8+ Kg7 35. Qe2 Bg6 36. Qd2 Qe5 37. Qd4 Qxd4 38. Rxd4 f5 39. Kf1 Kf6 40.
Rd2 Bf7 41. Ke1 Ke5 42. Re2+ Kf6 43. Rd2 Ke5 44. Re2+ Kf6 45. Kd2 Bxd5 46. Bxd5
Rxd5+ 47. Kc3 h5 48. Kc4 Rc5+ 49. Kd4 h4 50. b4 axb4 51. axb4 Rc1 52. Kd5 b5
53. Re6+ Kf7 54. Re5 Kg6 55. Ke6 Rc6+ 56. Kd7 Rc2 57. Rxb5 Rxf2 58. Rb6+ Kh5
59. Rb5 f4 60. Ke6 Rxg2 61. Rb8 Kg6 62. Rg8+ Kh7 63. Kf7 f3 64. Rg7+ Kh6 65.
Rg8 g4 66. Kf6 Kh7 67. hxg4 f2 68. Rg7+ Kh8 69. Kg6 f1=Q 0-1

[Event "FIDE Open World Blitz 2021"]
[Site "Warsaw"]
[Date "2021.12.30"]
[Round "18.13"]
[White "Demchenko, Anton"]
[Black "Szpar, Milosz"]
[Result "0-1"]
[WhiteElo "2655"]
[BlackElo "2285"]
[Annotator "ChessBase"]
[PlyCount "152"]
[EventDate "2021.12.29"]
[EventType "swiss"]
[EventCountry "POL"]
[Tiebreak "Cut1 Buchholz"]
[SourceTitle "playchess.com"]
[Source "ChessBase"]
[SourceQuality "1"]

1. e4 c5 2. Nf3 d6 3. d4 cxd4 4. Qxd4 Nf6 5. Nc3 Bd7 6. h3 Nc6 7. Qe3 g6 8. Bc4
Bg7 9. O-O O-O 10. Rd1 Rc8 11. Qe2 a6 12. a4 Re8 13. Ba2 Qa5 14. Bd2 Qc5 15.
Be3 Qh5 16. Bf4 h6 17. e5 dxe5 18. Bxe5 Red8 19. Bg3 Be8 20. Rxd8 Rxd8 21. Re1
e6 22. Bc7 Rc8 23. Bb6 Kh7 24. Rd1 Nb4 25. Bb3 Bc6 26. Ne5 Qxe2 27. Nxe2 Nfd5
28. Bd4 Be8 29. c3 Nc6 30. Nxc6 Bxc6 31. Bxg7 Kxg7 32. Nd4 Nf4 33. Nxc6 Rxc6
34. Rd2 g5 35. Kf1 Kf6 36. Bd1 b5 37. g3 Ng6 38. a5 Ne5 39. Be2 Ke7 40. Rd4 Nd7
41. Ke1 Nc5 42. Bd1 Nb7 43. Bf3 Rc7 44. Bxb7 Rxb7 45. b4 Rc7 46. Rd3 Rc4 47.
Ke2 h5 48. Kd2 f5 49. Re3 h4 50. Kd3 hxg3 51. Rxg3 Kf6 52. Kc2 e5 53. Rd3 Rc6
54. Rd8 e4 55. Rb8 Ke5 56. Kd2 Kd5 57. Rd8+ Ke5 58. Re8+ Kf4 59. Rb8 Kf3 60.
Rb6 Rc8 61. Ke1 Rxc3 62. Rxa6 Rc1+ 63. Kd2 Rc4 64. Rg6 Rxb4 65. Rxg5 f4 66. Rf5
Ra4 67. Rxb5 Kxf2 68. Kc2 e3 69. Kb3 Ra1 70. Kb2 Rxa5 71. Rxa5 e2 72. Re5 e1=Q
73. Rxe1 Kxe1 74. h4 f3 75. h5 f2 76. h6 f1=Q 0-1

[Event "FIDE Open World Blitz 2021"]
[Site "Warsaw"]
[Date "2021.12.30"]
[Round "18.13"]
[White "Petrosyan, Manuel"]
[Black "Amin, Bassem"]
[Result "0-1"]
[WhiteElo "2599"]
[BlackElo "2617"]
[Annotator "ChessBase"]
[PlyCount "98"]
[EventDate "2021.12.29"]
[EventType "swiss"]
[EventCountry "POL"]
[Tiebreak "Cut1 Buchholz"]
[SourceTitle "playchess.com"]
[Source "ChessBase"]
[SourceQuality "1"]

1. d4 Nf6 2. c4 g6 3. g3 Bg7 4. Bg2 O-O 5. Nc3 d6 6. Nf3 Nbd7 7. O-O e5 8. h3
c6 9. e4 Qb6 10. c5 dxc5 11. dxe5 Ne8 12. e6 fxe6 13. Ng5 Ne5 14. f4 Nf7 15.
Nxf7 Bd4+ 16. Kh2 Rxf7 17. e5 Nc7 18. Ne4 Nd5 19. h4 Bd7 20. Nd6 Rg7 21. Qe2
Rf8 22. Rb1 Qc7 23. Bd2 b5 24. b3 a5 25. Rbc1 Qa7 26. a4 b4 27. h5 gxh5 28.
Qxh5 Qa6 29. Be4 Bc3 30. Rf2 Bd4 31. Rg2 Qa8 32. Rh1 Be8 33. Qh6 Bg6 34. Re2
Qa6 35. Nc4 Nc3 36. Bxc3 bxc3 37. Kg2 Bxe4+ 38. Rxe4 Qb7 39. Qxe6+ Kh8 40. Nd6
Qa6 41. Nc4 Qb7 42. Nd6 Qa6 43. Nc4 Rfg8 44. Rh3 c2 45. Re1 Qb7 46. Nd6 Qb4 47.
Nf7+ Rxf7 48. Qxf7 Qd2+ 49. Kf1 Qf2# 0-1

[Event "FIDE Open World Blitz 2021"]
[Site "Warsaw"]
[Date "2021.12.30"]
[Round "18.14"]
[White "Sarana, Alexey"]
[Black "Michalik, Peter"]
[Result "1-0"]
[WhiteElo "2656"]
[BlackElo "2605"]
[Annotator "ChessBase"]
[PlyCount "85"]
[EventDate "2021.12.29"]
[EventType "swiss"]
[EventCountry "POL"]
[Tiebreak "Cut1 Buchholz"]
[SourceTitle "playchess.com"]
[Source "ChessBase"]
[SourceQuality "1"]

1. d4 d5 2. c4 e6 3. Nc3 Nf6 4. cxd5 exd5 5. Bg5 c6 6. e3 Be7 7. Bd3 h6 8. Bf4
O-O 9. Nf3 Nh5 10. Be5 Nd7 11. O-O Nhf6 12. Bf4 Nh5 13. Be5 Nhf6 14. h3 Nxe5
15. Nxe5 Nd7 16. f4 Nxe5 17. fxe5 Bg5 18. Qf3 f6 19. Rae1 fxe5 20. Qxf8+ Qxf8
21. Bh7+ Kxh7 22. Rxf8 e4 23. Kf2 Kg6 24. Nxd5 cxd5 25. Rc1 a5 26. Rcxc8 Ra6
27. Rc5 Rb6 28. b3 a4 29. Rc3 Be7 30. Ra8 a3 31. Ke2 Bh4 32. Rf8 Be7 33. Rf1
Kh5 34. Rc7 Bf6 35. Rf5+ Kh4 36. Kf2 Bg5 37. Rc5 g6 38. Rf7 Rb4 39. Rxd5 b6 40.
Re5 Kh5 41. Rxe4 Rb5 42. Re5 Rb4 43. Kg3 1-0

[Event "FIDE Open World Blitz 2021"]
[Site "Warsaw"]
[Date "2021.12.30"]
[Round "18.14"]
[White "Bellahcene, Bilel"]
[Black "Thybo, Jesper Sondergaard"]
[Result "1-0"]
[WhiteElo "2528"]
[BlackElo "2195"]
[Annotator "ChessBase"]
[PlyCount "35"]
[EventDate "2021.12.29"]
[EventType "swiss"]
[EventCountry "POL"]
[Tiebreak "Cut1 Buchholz"]
[SourceTitle "playchess.com"]
[Source "ChessBase"]
[SourceQuality "1"]

1. e4 c5 2. Nf3 Nc6 3. b4 cxb4 4. d4 d5 5. exd5 Qxd5 6. c4 bxc3 7. Nxc3 Qa5 8.
d5 Nb8 9. Bd2 Qd8 10. Bb5+ Bd7 11. Bc4 Nf6 12. O-O g6 13. d6 e6 14. Nb5 Bxb5
15. Bxb5+ Nc6 16. Ne5 Qxd6 17. Qf3 Rc8 18. Qxf6 1-0